000 00624nam a22002297a 4500
003 UA-OsUOA
001 98500
007 ta
008 20130415b un ||||| |||| 00| 0 ukr d
100 _aПолухин Ю.
090 _a821.161.1
_bП53
942 _cBK
040 _aUA-OsUOA
_brus
_cUA-OsUOA
_dUA-OsUOA
245 _aУлица Грановского, 2
_bроманы
300 _a670 с.
955 _a3
041 _arus
080 _a821.161.1
260 _aМ.
_bСоветский писатель
_c1982
650 7 _a82 Література. Літературознавство
_2UDC
999 _c384415
_d384415